000 00639nam a2200265Ia 4500
005 20260121170956.0
008 008 260114s9999 xx 000 0 eng d
020 _a9783030057589
037 _aEBOOK
040 _aCRL
040 _beng
040 _cCRL
041 _2eng
041 _aeng
084 _qCRL
100 _aTzu-En Lin
_91070495
245 0 _aSoft Probes for Bio-electrochemical Imaging
260 _bSpringer
260 _bSpringer
260 _c2019
856 _uhttps://link.springer.com/openurl?genre=book&isbn=978-3-030-05758-9
942 _cEBOOK
999 _c1636225
_d1636225